<?xml version="1.0" encoding="UTF-8"?><?xml-stylesheet type="text/xsl" href="static/style.xsl"?><OAI-PMH xmlns="http://www.openarchives.org/OAI/2.0/" xmlns:xsi="http://www.w3.org/2001/XMLSchema-instance" xsi:schemaLocation="http://www.openarchives.org/OAI/2.0/ http://www.openarchives.org/OAI/2.0/OAI-PMH.xsd"><responseDate>2026-04-27T14:37:12Z</responseDate><request verb="GetRecord" identifier="oai:uvadoc.uva.es:10324/29533" metadataPrefix="marc">https://uvadoc.uva.es/oai/request</request><GetRecord><record><header><identifier>oai:uvadoc.uva.es:10324/29533</identifier><datestamp>2021-06-29T21:28:29Z</datestamp><setSpec>com_10324_38</setSpec><setSpec>col_10324_852</setSpec></header><metadata><record xmlns="http://www.loc.gov/MARC21/slim" xmlns:doc="http://www.lyncode.com/xoai" xmlns:xsi="http://www.w3.org/2001/XMLSchema-instance" xmlns:dcterms="http://purl.org/dc/terms/" xsi:schemaLocation="http://www.loc.gov/MARC21/slim http://www.loc.gov/standards/marcxml/schema/MARC21slim.xsd">
<leader>00925njm 22002777a 4500</leader>
<datafield tag="042" ind1=" " ind2=" ">
<subfield code="a">dc</subfield>
</datafield>
<datafield tag="720" ind1=" " ind2=" ">
<subfield code="a">Palomar Reverte, Ignacio</subfield>
<subfield code="e">author</subfield>
</datafield>
<datafield tag="260" ind1=" " ind2=" ">
<subfield code="c">2017</subfield>
</datafield>
<datafield tag="520" ind1=" " ind2=" ">
<subfield code="a">Este trabajo propone utilizar los periódicos digitales o cibermedios deportivos como herramientas didácticas en el aula de Educación Primaria. Para ello, se realiza una revisión bibliográfica del tema objeto de estudio, el periodismo deportivo en Internet. Primero se aborda el uso de TIC para la animación lectora, después se explica la naturaleza y características de los cibermedios o periódicos digitales. Se analiza la importancia del deporte en la sociedad y como eje temático para la enseñanza de la lengua y la literatura para, finalmente, proponer una secuencia de nueve actividades para trabajar la comprensión lectora, la expresión escrita, la comprensión auditiva y la expresión oral en el sexto curso de Educación Primaria. Con dicha propuesta se fomenta, al mismo tiempo, la competencia en educación mediática o competencia digital y la competencia comunicativa.</subfield>
</datafield>
<datafield tag="024" ind2=" " ind1="8">
<subfield code="a">http://uvadoc.uva.es/handle/10324/29533</subfield>
</datafield>
<datafield tag="245" ind1="0" ind2="0">
<subfield code="a">Animar a leer con los cibermedios deportivos. Una propuesta didáctica para 6º curso de Educación Primaria</subfield>
</datafield>
</record></metadata></record></GetRecord></OAI-PMH>